[Event "VIII Wroclaw Open A 2013"]
[Site "Wroclaw POL"]
[Date "2013.07.04"]
[Round "4.4"]
[White "Dobrowolski,P"]
[Black "Matuszewski,Mi"]
[Result "0-1"]
[WhiteElo "2419"]
[BlackElo "2410"]

1.d4 Nf6 2.c4 e6 3.Nf3 b6 4.Nc3 Bb7 5.Bg5 Bb4 6.Nd2 h6 7.Bh4 c5 8.a3 Ba5
9.d5 exd5 10.cxd5 Qe7 11.Rc1 g5 12.Bg3 Bxc3 13.Rxc3 Nxd5 14.Rd3 f5 15.Bxb8 Rxb8
16.Nc4 Qe6 17.Ne3 Nf6 18.Rd6 Qe5 19.Nc4 Qe7 20.Qa4 O-O 21.Qxa7 Bd5 22.e3 b5
23.Qxc5 Bxc4 24.Bxc4+ bxc4 25.Qxc4+ Kg7 26.Qd4 Rxb2 27.O-O Rfb8 28.h4 R2b5
29.Rd1 Rb1 30.Rxb1 Rxb1+ 31.Kh2 Kf7 32.f3 g4 33.a4 Ra1 34.Rb6 Ra3 35.Qc4+ Kg7
36.Rb3 Rxb3 37.Qxb3 Nh5 38.Qc3+ Kh7 39.fxg4 Qxh4+ 40.Kg1 Ng3 41.Qd3 Qh1+
42.Kf2 Ne4+ 43.Kf3 d5 44.Kf4 Qh2+ 45.Kxf5 Qd6 46.g5 h5 47.g6+ Kh6  0-1

[Event "VIII Wroclaw Open A 2013"]
[Site "Wroclaw POL"]
[Date "2013.07.05"]
[Round "5.5"]
[White "Cagara,P"]
[Black "Dobrowolski,P"]
[Result "0-1"]
[WhiteElo "2028"]
[BlackElo "2419"]

1.c4 e6 2.d4 Nf6 3.Nf3 b6 4.Nc3 Bb7 5.e3 d5 6.Bd3 Nbd7 7.O-O Be7 8.Re1 O-O
9.e4 dxe4 10.Nxe4 c5 11.dxc5 Nxc5 12.Nxc5 Bxc5 13.Bf4 Rc8 14.Qe2 h6 15.Rad1 Qe7
16.a3 a5 17.h3 Rfd8 18.Be5 Bc6 19.Bc2 Qb7 20.Rxd8+ Rxd8 21.Rd1 Rxd1+ 22.Qxd1 Be7
23.Ne1 Ne4 24.Bd4 Qc7 25.Bxe4 Bxe4 26.Qb3 Bd8 27.Qc3 f6 28.Qe3 Qc6 29.b3 e5
30.Bb2 a4 31.Qc3 axb3 32.Qxb3 Kh7 33.Bc1 Bg6 34.Be3 Bc7 35.g4 h5 36.Qd1 Qxc4
37.gxh5 Bf5 38.Qf3 Qe4 39.Qg3 Qb1 40.Bd2 Qd1 41.h6 gxh6 42.Qc3 Bd6 43.Qe3 Bf8
44.Kh2 Qb1 45.Ng2 Be4 46.f3 Bc2 47.Qf2 Qb3 48.a4 Bc5 49.Qh4 Qxf3 50.Qxh6+ Kg8
51.Qh4 Be4 52.Qg4+ Kf7 53.Qd7+ Be7 54.Qg4 Qxg2+  0-1

[Event "IsBank TCh-TUR 2013"]
[Site "Denizli TUR"]
[Date "2013.07.07"]
[Round "10.1"]
[White "Ipatov,Alexander"]
[Black "Berkes,F"]
[Result "1/2-1/2"]
[WhiteElo "2590"]
[BlackElo "2687"]

1.d4 Nf6 2.c4 e6 3.Nf3 b6 4.Nc3 Bb7 5.a3 d5 6.Bg5 Be7 7.Qa4+ c6 8.Bxf6 Bxf6
9.cxd5 exd5 10.Rd1 O-O 11.g3 Na6 12.Bg2 Nc7 13.O-O Re8 14.Rfe1 g6 15.e4 Bg7
16.exd5 cxd5 17.Ne5  1/2-1/2

[Event "St. Pauli Open 2013"]
[Site "Hamburg GER"]
[Date "2013.07.08"]
[Round "3.5"]
[White "Jugelt,T"]
[Black "Wobbe,S"]
[Result "1-0"]
[WhiteElo "2418"]
[BlackElo "2149"]

1.d4 Nf6 2.c4 e6 3.Nf3 b6 4.Nc3 Bb7 5.a3 d5 6.cxd5 exd5 7.Bf4 Be7 8.e3 O-O
9.Bd3 Nbd7 10.h3 c5 11.O-O Ne4 12.Rc1 Nxc3 13.Rxc3 c4 14.Bb1 b5 15.Rc1 Nf6
16.Ne5 a5 17.Bg5 g6 18.Bh6 Re8 19.Qf3 Bf8 20.Bg5 Bg7 21.Rfe1 Qd6 22.a4 Ba6
23.e4 dxe4 24.Bxe4 Ra7 25.Bc6 Rb8 26.axb5 Bxb5 27.d5 h6 28.Nxc4 Bxc4 29.Bf4 Qd8
30.Bxb8 Qxb8 31.Rxc4 Qxb2 32.d6 Qa2 33.Rf4  1-0

[Event "St. Pauli Open 2013"]
[Site "Hamburg GER"]
[Date "2013.07.08"]
[Round "3.53"]
[White "Tscherepanov,L"]
[Black "Hohn,A"]
[Result "1-0"]
[WhiteElo "1868"]
[BlackElo "1988"]

1.d4 e6 2.c4 Nf6 3.Nf3 b6 4.Nc3 Bb7 5.e3 Bb4 6.Be2 Ne4 7.Qc2 O-O 8.O-O Nxc3
9.bxc3 Be7 10.e4 f5 11.Bd3 Bd6 12.d5 exd5 13.cxd5 g6 14.c4 fxe4 15.Bxe4 Be7
16.Bxg6 hxg6 17.Qxg6+ Kh8 18.Ng5 Bxg5 19.Bxg5  1-0

[Event "IsBank TCh-TUR 2013"]
[Site "Denizli TUR"]
[Date "2013.07.09"]
[Round "12.5"]
[White "Miyak,B"]
[Black "Ertan,C"]
[Result "0-1"]
[WhiteElo "2109"]
[BlackElo "2277"]

1.d4 Nf6 2.c4 e6 3.Nf3 b6 4.Nc3 Bb7 5.a3 d5 6.cxd5 exd5 7.g3 Nbd7 8.Bg2 Rc8
9.O-O Be7 10.Bf4 Nh5 11.Bd2 O-O 12.Qb3 c6 13.e4 dxe4 14.Nxe4 c5 15.Nxc5 Bxc5
16.dxc5 Nxc5 17.Qe3 Re8 18.Qg5 Nf6 19.Be3 h6 20.Qh4 Re4 21.Rad1 Qe8 22.Qh3 Ba6
23.Nh4 Bxf1 24.Rxf1 Rxe3 25.fxe3 Qxe3+ 26.Kh1 Re8 27.Qf5 Nce4 28.Qf4 Nd2
29.Qxe3 Rxe3 30.Rc1 g6 31.Bh3 Nfe4 32.Bg2 b5 33.Bxe4 Nxe4 34.Rc2 Nd6 35.Kg2 Nc4
36.a4 Rb3 37.Kf2 Nxb2 38.axb5 Nd1+ 39.Ke2 Nc3+ 40.Kd3 Nxb5+ 41.Kc4 Rb1 42.Ra2 Nd6+
43.Kd5 Nc8 44.Kc6 Ne7+ 45.Kc7 Nd5+ 46.Kd6 Nc3 47.Ra5 Rb2 48.Nf3 Rf2 49.Ne5 Rxh2
50.Ke7 Re2 51.g4 Kg7 52.Kd6 Re4 53.Rc5 Rd4+ 54.Ke7 Nd5+ 55.Ke8 Nf6+ 56.Ke7 Nxg4  0-1

[Event "IsBank TCh-TUR 2013"]
[Site "Denizli TUR"]
[Date "2013.07.10"]
[Round "13.3"]
[White "Kuseyri,M"]
[Black "Matnadze,A"]
[Result "0-1"]
[WhiteElo "2050"]
[BlackElo "2412"]

1.d4 Nf6 2.c4 e6 3.Nf3 b6 4.Nc3 Bb7 5.Bg5 Bb4 6.e3 h6 7.Bh4 g5 8.Bg3 Ne4
9.Qc2 f5 10.Bd3 Bxc3+ 11.bxc3 d6 12.d5 exd5 13.cxd5 Bxd5 14.Nd4 Qf6 15.Nxf5 Nc5
16.O-O O-O 17.e4 Be6 18.f4 Bxf5 19.exf5 Nbd7 20.fxg5 hxg5 21.Bc4+ Kg7 22.Rae1 Ne5
23.Bxe5 dxe5 24.Qe2 e4 25.Qg4 Rh8 26.g3 Kf8 27.Be6 Rd8 28.Rd1 Ke7 29.Rxd8 Rxd8
30.h4 gxh4 31.gxh4 Rh8 32.Qg3 Rxh4 33.Qxc7+ Kf8 34.Qc8+ Kg7 35.Rf2 Nxe6 36.fxe6 Qg5+
37.Rg2 Rg4 38.Qc7+ Kh6 39.Rxg4 Qxg4+ 40.Kf2 Qxe6 41.Qxa7 Qf6+ 42.Ke3 Qf3+
43.Kd4 Qd3+ 44.Ke5 e3 45.Qxb6+ Kh5 46.Qc6 e2 47.Qe8+ Qg6 48.Qh8+ Kg4 49.Kd4  0-1

[Event "St. Pauli Open 2013"]
[Site "Hamburg GER"]
[Date "2013.07.10"]
[Round "5.5"]
[White "Jugelt,T"]
[Black "Plump,D"]
[Result "1/2-1/2"]
[WhiteElo "2418"]
[BlackElo "2230"]

1.d4 Nf6 2.c4 e6 3.Nf3 b6 4.Nc3 Bb4 5.Bd2 Bb7 6.e3 O-O 7.Be2 c5 8.O-O cxd4
9.exd4 d5 10.cxd5 Bxc3 11.bxc3 exd5 12.Bg5 Nbd7 13.c4 Re8 14.cxd5 Bxd5 15.Bb5 Re6
16.Qd3 Qf8 17.a4 Qd6 18.a5 a6 19.Bxd7 Nxd7 20.axb6  1/2-1/2

[Event "Werner-Ott-Open 2013"]
[Site "Berlin GER"]
[Date "2013.07.12"]
[Round "7.10"]
[White "Landt,S"]
[Black "Burger,H"]
[Result "0-1"]
[WhiteElo "1949"]
[BlackElo "2134"]

1.d4 Nf6 2.c4 e6 3.Nf3 b6 4.Nc3 d5 5.b3 Bb4 6.Bd2 O-O 7.e3 c5 8.Be2 cxd4
9.exd4 dxc4 10.bxc4 Bb7 11.Qb3 Be7 12.Rd1 Nc6 13.Bg5 Rc8 14.d5 exd5 15.cxd5 Na5
16.Qb2 Nc4 17.Bxc4 Rxc4 18.O-O Qc8 19.Rfe1 Rxc3 20.Rxe7 Nxd5 21.Re5 f6 22.Rexd5 Bxd5
23.Rxd5 fxg5 24.h3 Rc1+ 25.Kh2 Qc7+ 26.Ne5 Rc5 27.Qb3 Kh8 28.Qd3 Rxd5 29.Qxd5 Qe7
30.Kg1 Rf5 31.Qa8+ Qf8 32.Qd5 Qe8  0-1

[Event "Minsk Open 2013"]
[Site "Minsk BLR"]
[Date "2013.07.16"]
[Round "4.16"]
[White "Smirnov,Va"]
[Black "Shevchenko,Kirill"]
[Result "1/2-1/2"]
[WhiteElo "2332"]
[BlackElo "2003"]

1.d4 Nf6 2.c4 e6 3.Nf3 b6 4.Nc3 Bb7 5.Bg5 Be7 6.Qc2 h6 7.Bh4 d5 8.cxd5 exd5
9.e3 O-O 10.Be2 Nbd7 11.O-O Ne4 12.Bg3 Nxg3 13.hxg3 Nf6 14.Rac1 c5 15.dxc5 bxc5
16.Rfd1 Qa5 17.Nd2 Rac8 18.Nb3 Qc7 19.Bf3 Rfd8 20.Na4 c4 21.Nd4 Qe5 22.Nc3 Bf8
23.Rd2 Ne4 24.Nxe4 dxe4 25.Bg4 Rc5 26.Qd1 h5 27.Be2 Rdc8 28.Rdc2 Ba6 29.b3 Qd5
30.b4 R5c7 31.b5 Bxb5 32.Nxb5 Qxb5 33.Qd4 Rd7 34.Qxe4 Qd5 35.Qxd5 Rxd5 36.Rxc4 Rxc4
37.Bxc4 Rc5 38.Kf1 g6 39.Ke2 Kg7 40.Kd3 Rc7 41.Rb1 Rd7+ 42.Ke2 Rc7 43.Bd3 Be7
44.Rb5 Bd6 45.Ra5 Rb7 46.Bc4 Rc7 47.Bb3 Bc5 48.Ra4 Rd7 49.g4 hxg4 50.Rxg4 Be7
51.Ra4 Bc5 52.g4 g5 53.Re4 f6 54.Be6 Rb7 55.Rc4 Bd6 56.Rd4 Rb2+ 57.Kd3 Rb6
58.Ra4 Rb7 59.Rc4 Kf8 60.Rc8+ Ke7 61.Bb3 Rb8 62.Rc6 Rb6 63.Rc1 Kf8 64.Rc8+ Ke7
65.Ra8 Bb8 66.Ke4 Bd6 67.Rh8 Bb8  1/2-1/2

[Event "Czech Open G1 Rapid 2013"]
[Site "Pardubice CZE"]
[Date "2013.07.17"]
[Round "1.50"]
[White "Klukin,Kirill"]
[Black "Kourousis,E"]
[Result "0-1"]
[WhiteElo "1983"]
[BlackElo "2391"]

1.d4 Nf6 2.Nf3 e6 3.c4 b6 4.Nc3 Bb7 5.Bg5 Bb4 6.Nd2 h6 7.Bh4 Be7 8.e4 d6
9.f3 c5 10.Nb3 Nxe4 11.Bxe7 Nxc3 12.Bxd8 Nxd1 13.Rxd1 Kxd8 14.dxc5 Nd7 15.cxd6 e5
16.Bd3 a5 17.O-O Rc8 18.Rfe1 Re8 19.Nd2 Re6 20.Bf5 Rxd6 21.Ne4 Bxe4 22.fxe4 Rcc6
23.Kf2 Nc5 24.Ke3 Ke7 25.Rd5 Rxd5 26.cxd5 Rc7 27.Rc1 Na6 28.Rd1 Kd6 29.Bg4 Rc2
30.Rd2 Rxd2 31.Kxd2 Nc5 32.Ke3 Na4 33.b3 Nc3 34.a3 Nb5 35.a4 Nd4 36.Bd1 Kc5
37.Kd3 f6 38.h4 f5 39.h5 Kd6 40.exf5 Nxf5 41.Bf3 Ke7 42.Ke4 Kf6 43.Kd3 Nd6
44.Ke3 Kf5 45.g4+ Kg5 46.Be2 Kf6 47.Bf3 Ke7 48.Be2 Ne8 49.Ke4 Kf6 50.Ke3 Nd6
51.Bf3 Ke7 52.Be2 Kd7 53.Bb5+ Ke7 54.Be2 Kf6 55.Bf3 Kg5 56.Be2 Kh4 57.Bf3 Kg3
58.Be2 Kg2 59.Bd3 Kg3 60.Be2 Kh4 61.Bf3 Kg5 62.Be2 Kf6 63.Bf3 b5 64.axb5 Nxb5
65.Kd3 Nd6 66.Ke3 Ke7 67.Be2 Kd8 68.Bf1 Kc7 69.Bg2 Kb6 70.Kd3 Kc5 71.Bh1 Kb4
72.Kc2 e4 73.Bg2 Kc5 74.Kd2 Kd4 75.Ke2 Kc3 76.Ke3 Kxb3 77.Bxe4 a4 78.Kd4 a3
79.Bd3 a2 80.Ke5 Ne8  0-1

[Event "Czech Open G1 Rapid 2013"]
[Site "Pardubice CZE"]
[Date "2013.07.18"]
[Round "4.3"]
[White "Neverov,V"]
[Black "Jaracz,P"]
[Result "1-0"]
[WhiteElo "2492"]
[BlackElo "2531"]

1.d4 Nf6 2.c4 e6 3.Nf3 b6 4.Nc3 Bb4 5.e3 Ne4 6.Qc2 Bb7 7.Bd3 f5 8.O-O Bxc3
9.bxc3 O-O 10.Nd2 Nxd2 11.Bxd2 Nc6 12.f3 Qe7 13.e4 fxe4 14.Bxe4 h6 15.Rfe1 Na5
16.Bd3 Ba6 17.Qa4 c5 18.Re4 Rac8 19.Rae1 Qd6 20.Rg4 Rf6 21.Bb1 h5 22.Rh4 cxd4
23.Rxd4 Qc5 24.Kh1 Bxc4 25.Qxd7 Bb5 26.Qd6 Qxd6 27.Rxd6 Nc4 28.Rd3 Nxd2 29.Rxd2 Rxc3
30.h3 Bc4 31.Rd8+ Rf8 32.Bh7+ Kf7 33.Rd7+ Kf6 34.Rxa7 g6 35.Re4 Kg5 36.Rc7 b5
37.a4 Rb3 38.axb5 Bd5 39.h4+ Kh6 40.Re5 Rf5 41.Bg8 g5 42.Rxf5 exf5 43.hxg5+ Kxg5
44.Bxd5 Rxb5 45.Be6 Re5 46.Rc6 h4 47.Kh2 Re1 48.Ra6 Re5 49.Bc4 Rc5 50.Bf7 Rc7
51.Ba2 Rc2 52.Ra5  1-0

[Event "Czech Open G1 Rapid 2013"]
[Site "Pardubice CZE"]
[Date "2013.07.18"]
[Round "9.18"]
[White "Bystrov,SM"]
[Black "Zwardon,V"]
[Result "0-1"]
[WhiteElo "2273"]
[BlackElo "2391"]

1.d4 Nf6 2.Nf3 e6 3.c4 b6 4.Nc3 Bb7 5.a3 d5 6.cxd5 exd5 7.Bg5 Nbd7 8.e3 a6
9.Bd3 Bd6 10.O-O O-O 11.b4 c5 12.bxc5 bxc5 13.Ne2 Rc8 14.dxc5 Nxc5 15.Bf5 Rb8
16.Bf4 Re8 17.Rb1 Nce4 18.Bxd6 Qxd6 19.Qd3 a5 20.Ned4 Ba6 21.Nb5 Bxb5 22.Rxb5 Rxb5
23.Qxb5 Qxa3 24.Bxe4 dxe4 25.Nd4 Ra8 26.Qc6 Rb8 27.g3 h5 28.Kg2 a4 29.Rc1 Qb2
30.Rc2 a3 31.Qa6 Nd5 32.Rc8+ Kh7 33.Nc2 Rxc8 34.Qxc8 Nf6 35.Qc4 a2 36.Qa4 Qxc2  0-1

[Event "Minsk Open 2013"]
[Site "Minsk BLR"]
[Date "2013.07.19"]
[Round "7.6"]
[White "Meribanov,V"]
[Black "Brodsky,M"]
[Result "0-1"]
[WhiteElo "2433"]
[BlackElo "2562"]

1.d4 Nf6 2.c4 e6 3.Nf3 b6 4.Nc3 Bb7 5.a3 d5 6.cxd5 Nxd5 7.e3 g6 8.Bb5+ c6
9.Bd3 Bg7 10.O-O O-O 11.e4 Nxc3 12.bxc3 c5 13.Be3 cxd4  0-1

[Event "Minsk Open 2013"]
[Site "Minsk BLR"]
[Date "2013.07.20"]
[Round "8.14"]
[White "Smirnov,Va"]
[Black "Cherepov,A"]
[Result "1-0"]
[WhiteElo "2332"]
[BlackElo "2213"]

1.d4 Nf6 2.c4 e6 3.Nf3 b6 4.Nc3 Bb7 5.Bg5 h6 6.Bh4 Be7 7.Qc2 c5 8.e4 cxd4
9.Nxd4 d6 10.Rd1 a6 11.Be2 Nbd7 12.O-O O-O 13.Rfe1 Qc7 14.a4 Rfe8 15.b3 Nc5
16.Bf1 Rac8 17.f3 Kh8 18.Rc1 Rg8 19.Bf2 g5 20.Qb2 Rg6 21.b4 Ncd7 22.Nb3 Rcg8
23.a5 bxa5 24.Nxa5 Ba8 25.Na4 Rb8 26.Rb1 Kh7 27.Qc2 Kh8 28.Qc3 e5 29.g4 h5
30.h3 hxg4 31.hxg4 Ne8 32.c5 d5 33.exd5 Bxd5 34.Nc4 Re6 35.Bg3 Bf6 36.Re3 a5
37.Nxa5 Ra8 38.Qd3 Bc6 39.Nxc6 Qxc6 40.Nb2 Nxc5 41.bxc5 Qxc5 42.Bf2 Rd8 43.Qc4 Qa5
44.Nd3 Nc7 45.Qc5 Qxc5 46.Nxc5 Rc6 47.Ne4 Be7 48.Rc3 Rxc3 49.Nxc3 Kg7 50.Rb7 Bd6
51.Ne4 Nd5 52.Nxg5 Be7 53.Ne4 Kg6 54.Bc4 Bf8 55.Bb6 Nxb6 56.Rxb6+ Kg7 57.Rb7  1-0

[Event "28th Avoine Open"]
[Site "Avoine FRA"]
[Date "2013.07.23"]
[Round "4.47"]
[White "Dupont,A"]
[Black "Raggini,L"]
[Result "1-0"]
[WhiteElo "1837"]
[BlackElo "2086"]

1.d4 Nf6 2.Nf3 e6 3.c4 b6 4.Nc3 Bb7 5.Bf4 Bb4 6.e3 O-O 7.Bd3 d5 8.Qc2 dxc4
9.Bxc4 Nd5 10.Bg3 Ba6 11.Bxa6 Nxa6 12.O-O Bxc3 13.bxc3 c5 14.Rfd1 Qc8 15.e4 Nf6
16.e5 Nd5 17.Ng5 g6 18.c4 cxd4 19.Rxd4 Ne7 20.Rh4 Nf5 21.Rxh7 Qd8 22.Bf4 Qd4
23.Qc1 Rac8 24.g3 Rxc4 25.Qf1 Ng7 26.Rd1 Qc5 27.Qh3  1-0

[Event "6th Paleochora Open"]
[Site "Paleochora GRE"]
[Date "2013.07.23"]
[Round "6.20"]
[White "Chakravarthi,Y"]
[Black "Manigk,S"]
[Result "1-0"]
[WhiteElo "2084"]
[BlackElo "2237"]

1.d4 Nf6 2.Nf3 e6 3.c4 b6 4.Nc3 Bb7 5.e3 d5 6.Bd3 Nbd7 7.O-O Be7 8.b3 O-O
9.Qc2 dxc4 10.bxc4 c5 11.d5 exd5 12.Nxd5 Nxd5 13.cxd5 Bf6 14.Rb1 Bxd5 15.Rd1 Kh8
16.Bb5 Ne5 17.Nxe5 Bxe5 18.Bb2 Bxb2 19.Rxb2 f5 20.f3 Rf6 21.e4 fxe4 22.fxe4 Rd6
23.exd5 Rxd5 24.Rxd5 Qxd5 25.Qd2 Qe6 26.Rb1 a6 27.Re1 Qf6 28.Qd5 Rf8 29.Rf1 Qe7
30.Rxf8+ Qxf8 31.Bxa6 h6 32.Bc4 Qb8 33.a4  1-0

[Event "ch-AUT 2013"]
[Site "Feldkirch AUT"]
[Date "2013.07.25"]
[Round "6.3"]
[White "Fauland,A"]
[Black "Wallner,J"]
[Result "1-0"]
[WhiteElo "2446"]
[BlackElo "2404"]

1.Nf3 Nf6 2.c4 b6 3.d4 e6 4.Nc3 Bb7 5.Bg5 h6 6.Bh4 Be7 7.Qc2 d5 8.cxd5 exd5
9.e3 Nbd7 10.Bd3 O-O 11.O-O c5 12.Rad1 Rc8 13.Bf5 Ne4 14.Bxe7 Qxe7 15.Ne5 Nef6
16.Qa4 cxd4 17.exd4 Rc7 18.Nb5 Bc6 19.Nxc6 Rxc6 20.Rfe1 Qd8 21.Qxa7 g6 22.Bxd7 Qxd7
23.Qxd7 Nxd7 24.Nc3 Nf6 25.Re7 Rb8 26.a4 Rc4 27.f3 Rb4 28.Rd2 Rc8 29.Kf2 Rcc4
30.Ke3 Rb3 31.Rb7 Rcb4 32.Kd3 Nh5 33.g3 Ng7 34.Ke2 Ne6 35.Nxd5 Nxd4+ 36.Kf2 Nxf3
37.Re2 Rxa4 38.Rxb6 Rxb6 39.Nxb6 Ra6 40.Kxf3 Rxb6 41.Ke4 h5 42.Kd4 h4 43.gxh4 Kg7
44.Kc5 Rb3 45.Kc4 Rh3 46.b4 Rxh4+ 47.Kc5 Rh3 48.Rb2 Rc3+ 49.Kd4 Rc8 50.b5 Kf6
51.b6 Kg5 52.b7 Rb8 53.Kd5 f5 54.Kc6 Kh4 55.Kc7 Rh8 56.b8=Q Rxb8 57.Rxb8 Kh3
58.Rh8+ Kg4 59.Kd6 f4 60.Ke5 g5 61.Ke4  1-0

[Event "Open Desko Liberec 2013"]
[Site "Liberec CZE"]
[Date "2013.07.26"]
[Round "8.1"]
[White "Taborsky,R"]
[Black "Pribyl,Jo"]
[Result "0-1"]
[WhiteElo "2262"]
[BlackElo "2318"]

1.Nf3 Nf6 2.c4 e6 3.d4 b6 4.Nc3 Bb7 5.g3 Be7 6.d5 Bb4 7.Bg2 exd5 8.Nh4 c6
9.cxd5 Nxd5 10.O-O Nxc3 11.bxc3 Bc5 12.c4 Qf6 13.Rb1 O-O 14.Bb2 Qe6 15.Qc2 Re8
16.Nf5 Bf8 17.e4 Na6 18.Rbd1 Nc5 19.f3 d5 20.e5 Rad8 21.cxd5 Rxd5 22.f4 Rxd1
23.Rxd1 Qxa2 24.Ra1 Qb3 25.Qxb3 Nxb3 26.Rxa7 Bc5+ 27.Kf1 Na5 28.e6 Rxe6 29.Bc3 Bc8
30.Nxg7 Re3 31.Bf6 Nc4 32.Ra8 Nd2+  0-1

[Event "65th ch-MNE 2013"]
[Site "Cetinje SRB"]
[Date "2013.07.28"]
[Round "9.18"]
[White "Batricevic,B"]
[Black "Radosevic,Nevena"]
[Result "1-0"]
[WhiteElo "1766"]
[BlackElo "1463"]

1.d4 Nf6 2.c4 e6 3.Nf3 b6 4.Nc3 Bb4 5.Qc2 Bb7 6.Bg5 O-O 7.O-O-O h6 8.Bh4 Be7
9.Bxf6 Bxf6 10.e4 d6 11.h4 c5 12.e5 Bxf3 13.gxf3 Bxh4 14.Qe4 Bg5+ 15.f4 Na6
16.fxg5 Qxg5+ 17.f4 Qg6 18.Bd3 dxe5 19.Qxa8 Qxd3 20.Qxf8+  1-0

[Event "Sparkassen Open A 2013"]
[Site "Dortmund GER"]
[Date "2013.07.28"]
[Round "2.30"]
[White "Reisberg,Andre"]
[Black "Krueger,An"]
[Result "0-1"]
[WhiteElo "1955"]
[BlackElo "2120"]

1.d4 Nf6 2.c4 e6 3.Nf3 b6 4.Nc3 Bb7 5.e3 Bb4 6.Bd2 O-O 7.Be2 d6 8.O-O Nbd7
9.b3 Qe7 10.a3 Bxc3 11.Bxc3 Ne4 12.Bb2 f5 13.Nd2 Ng5 14.Qc2 Rf6 15.d5 Rg6
16.Bh5 Nh3+ 17.Kh1 Rh6 18.Bf3 Ng5 19.Be2 Nf6 20.Bxf6 Qxf6 21.f4 Nf7 22.Bf3 e5
23.g3 Rf8 24.Bg2 Bc8 25.Rae1 g5 26.b4 Qg6 27.Rf2 gxf4 28.exf4 Qxg3 29.Nf3 Qxf4
30.Bf1 e4 31.Nd4 Qe5 32.Nc6 Qe8 33.Nxa7 Bd7 34.b5 Ne5 35.Bg2 Qh5 36.Bf1 Nf3
37.Rg2+ Kf7 38.Ree2 Rg8 39.Rxg8 Kxg8 40.Rg2+ Kf7 41.Nc6 Bxc6 42.dxc6 Ne1
43.Qa2 Nxg2 44.c5+ Ke7 45.cxd6+ Rxd6  0-1

[Event "5th Rethymno Open"]
[Site "Rethymno GRE"]
[Date "2013.07.28"]
[Round "1.25"]
[White "Anagnostakis,Charalampos"]
[Black "Stavrianakis,I"]
[Result "0-1"]
[WhiteElo "1518"]
[BlackElo "2298"]

1.c4 e6 2.Nf3 Nf6 3.d4 b6 4.Nc3 Bb7 5.e3 c5 6.Be2 Be7 7.O-O O-O 8.Qc2 Nc6
9.a3 cxd4 10.exd4 d5 11.Rd1 Rc8 12.Bf4 dxc4 13.Bxc4 Na5 14.Be2 Bd5 15.Nd2 Qd7
16.Ba6 Bb7 17.Bxb7 Qxb7 18.Rac1 Nd5 19.Qe4 Bxa3 20.bxa3 Nxc3 21.Qxb7 Nxb7
22.Re1 Ne2+ 23.Rxe2 Rxc1+ 24.Nf1 Rd1 25.Rd2 Rxd2 26.Nxd2 Rd8 27.Nf3 Na5 28.Kf1 Nc4
29.Bc1 e5  0-1

[Event "Sparkassen Open A 2013"]
[Site "Dortmund GER"]
[Date "2013.08.01"]
[Round "6.19"]
[White "Zweschper,E"]
[Black "Eckardt,Joshua"]
[Result "1-0"]
[WhiteElo "2116"]
[BlackElo "2023"]

1.d4 Nf6 2.Nf3 e6 3.c4 b6 4.Nc3 Bb4 5.Bg5 Bb7 6.e3 O-O 7.Bd3 h6 8.Bxf6 Qxf6
9.e4 c5 10.O-O cxd4 11.Ne2 e5 12.Nd2 Bd6 13.Nb3 Nc6 14.Qd2 Nb4 15.Bb1 a5
16.f4 exf4 17.a3 Nc6 18.Nxf4 a4 19.Nc1 Qg5 20.Nce2 Na5 21.Qd3 Qe5 22.Bc2 Rae8
23.Ng3 Ba6 24.Rf3 Bxc4 25.Qd1 Nb3 26.Rb1 Qg5 27.Bxb3 Bxb3 28.Qf1 Bc2 29.Re1 Bxf4
30.Rxf4 d3 31.Rf5 Qg4 32.Qf2 g6 33.Rf4 Qg5 34.Kh1 d5 35.Rf1 Re7 36.h4 Qe5
37.h5 g5 38.Rf5 Qxb2 39.Rf6 dxe4 40.Rg6+ Kh7 41.Rf6 Qb5 42.Rxh6+ Kxh6 43.Qf6+ Kh7
44.Nf5 Qe5 45.Qh6+ Kg8 46.Qxg5+ Kh7 47.Qh6+ Kg8 48.Rf4 Bd1 49.Qg5+ Kh7 50.Rxe4 Qa1
51.Qh6+ Kg8 52.Nxe7+  1-0

[Event "XXII TCh-MKD 2013"]
[Site "Struga MKD"]
[Date "2013.08.04"]
[Round "7.3"]
[White "Bogdanovski,V"]
[Black "Ismaili,V"]
[Result "1-0"]
[WhiteElo "2435"]
[BlackElo "1902"]

1.d4 Nf6 2.Nf3 e6 3.c4 b6 4.Nc3 Bb7 5.a3 Be7 6.d5 O-O 7.e4 d6 8.Bd3 Nbd7
9.O-O Re8 10.Re1 c6 11.dxe6 fxe6 12.b4 Rc8 13.Bb2 Qc7 14.Ng5 Bf8 15.f4 h6
16.Nf3 e5 17.f5 d5 18.cxd5 cxd5 19.exd5 Nxd5 20.Nxd5 Bxd5 21.Ba6 Bb7 22.Rc1 Qb8
23.Rxc8 Qxc8 24.Qb3+ Kh7 25.Bc4 Bxf3 26.gxf3 Qd8 27.Kh1 Qh4 28.Rd1 Nf6 29.Bf7 Rd8
30.Bxe5 Rxd1+ 31.Qxd1 Be7 32.Qe2 Nh5 33.Qe4 Qxe4 34.fxe4 Nf6 35.Bb8 a6 36.e5 Ng4
37.Be6 Ne3 38.Bc7 a5 39.bxa5 bxa5 40.a4 Bb4 41.Bb6 Bd2 42.f6 gxf6 43.exf6 Bb4
44.Bxe3  1-0

[Event "12th Lichtenberger Sommer"]
[Site "Berlin GER"]
[Date "2013.08.19"]
[Round "3.52"]
[White "Halli,Gerhard"]
[Black "Zschaebitz,K"]
[Result "1-0"]
[WhiteElo "1938"]
[BlackElo "2024"]

1.d4 e6 2.c4 Nf6 3.Nf3 b6 4.Nc3 Bb4 5.Bg5 Bb7 6.e3 h6 7.Bh4 Qe7 8.Be2 Bxc3+
9.bxc3 d6 10.O-O g5 11.Bg3 Nbd7 12.Nd2 e5 13.Qa4 a5 14.Bf3 Bxf3 15.Nxf3 O-O
16.Qb5 Rfe8 17.Rac1 a4 18.Qc6 Ra7 19.Rfd1 Nb8 20.Qb5 Ra5 21.Qb4 Ne4 22.dxe5 Nc6
23.Qa3 dxe5 24.Qxe7 Rxe7 25.Rd5 f6 26.Ne1 Nd6 27.Rxa5 bxa5 28.Nd3 Nxc4 29.Nc5 a3
30.Kf1 Re8 31.e4 Rb8 32.Ke2 Kf7 33.Kd3 Nb2+ 34.Kc2 Rb5 35.Na6 Rb7 36.Nc5 Rb5
37.Na6 Na4 38.Nxc7 Rb2+ 39.Kd3 Rxa2 40.Nb5 Nb2+ 41.Kc2 a4 42.Kb1 Nd3 43.Kxa2 Nxc1+
44.Kxa3 Nd3 45.f3 h5 46.h4 gxh4 47.Bxh4 Nf4 48.g3 Ne6 49.Kxa4 Ng5 50.Nd6+ Kg6
51.Kb5 Nd8 52.f4 exf4 53.gxf4 Nf3 54.Nf5 Ne6 55.Bg3 Nd2 56.Nh4+ Kf7 57.f5 Ng5
58.e5 Nge4 59.e6+ Ke8 60.Be1 Nxc3+ 61.Kc6 Nce4 62.Kd5 Kd8 63.Kd4 Ke7 64.Ke3 Nd6
65.Bxd2 Nxf5+ 66.Nxf5+ Kxe6 67.Kf4 Kd5 68.Bc3 Kc4 69.Bxf6 h4 70.Nxh4 Kd5
71.Nf5 Ke6 72.Bd4 Kd5 73.Ke3 Kc4 74.Ke4 Kb5 75.Kd5 Kb4 76.Ne3 Kb5 77.Nc2 Ka4
78.Kc4 Ka5 79.Nb4 Ka4 80.Nc6 Ka3 81.Nb4 Ka4 82.Bc3 Ka3 83.Nd3 Ka4 84.Nc5+ Ka3
85.Kd3 Ka2 86.Kc2 Ka3 87.Bd2 Ka2 88.Bb4 Ka1 89.Nb3+ Ka2 90.Nc1+ Ka1 91.Bc3+  1-0

[Event "4th Royal Residence Cup"]
[Site "Zhovkva UKR"]
[Date "2013.08.21"]
[Round "9.3"]
[White "Kigel,D"]
[Black "Enkhnar,E"]
[Result "1/2-1/2"]
[WhiteElo "2339"]
[BlackElo "2235"]

1.d4 Nf6 2.c4 e6 3.Nf3 b6 4.Nc3 Bb4 5.Qc2 Bb7 6.Bg5 h6 7.Bh4 O-O 8.a3 Be7
9.e4 d5 10.Bxf6 Bxf6 11.cxd5 exd5 12.e5 Be7 13.O-O-O Nd7 14.Qf5 g6 15.Qh3 c5
16.Qxh6 cxd4 17.h4 Re8 18.Ng5 Nf8 19.Rxd4 Qc7 20.f4 Bxa3 21.Rh3 Bc8 22.Kb1 Rd8
23.Nb5 Bf5+ 24.Bd3 Qc5 25.Bxf5 Bxb2 26.Kxb2 Rac8 27.Bxc8 Rxc8 28.Rc3 Qxb5+
29.Kc2 Qe2+ 30.Rd2 Rxc3+ 31.Kxc3 Qc4+ 32.Kb2 Qb4+ 33.Kc1 Qc4+ 34.Kd1 Qf1+
35.Kc2 Qc4+ 36.Kd1 Qf1+ 37.Kc2 Qc4+ 38.Kb2 Qb4+ 39.Kc1 Qc4+  1/2-1/2

[Event "11th Kesan Open"]
[Site "Edirne TUR"]
[Date "2013.08.29"]
[Round "6.6"]
[White "Gucin,Z"]
[Black "Benidze,D"]
[Result "0-1"]
[WhiteElo "2119"]
[BlackElo "2514"]

1.d4 Nf6 2.Nf3 e6 3.c4 b6 4.Nc3 Bb7 5.Bg5 h6 6.Bxf6 Qxf6 7.a3 g5 8.e3 d6
9.h3 Bg7 10.Bd3 Qe7 11.Qc2 Nd7 12.Be4 c6 13.O-O-O d5 14.Bd3 dxc4 15.Bxc4 O-O
16.g4 b5 17.Ba2 c5 18.d5 b4 19.dxe6 fxe6 20.Nxg5 hxg5 21.Ne4 c4  0-1

[Event "TCh-ROU 2013"]
[Site "Mamaia ROU"]
[Date "2013.09.05"]
[Round "6.5"]
[White "Vioreanu,B"]
[Black "Murariu,A"]
[Result "0-1"]
[WhiteElo "2408"]
[BlackElo "2533"]

1.d4 Nf6 2.c4 e6 3.Nf3 b6 4.Nc3 Bb7 5.Bg5 h6 6.Bh4 Bb4 7.e3 g5 8.Bg3 Ne4
9.Qc2 Bxc3+ 10.bxc3 d6 11.Nd2 f5 12.f3 Nxd2 13.Qxd2 Nd7 14.Bd3 Qf6 15.h4 O-O-O
16.O-O-O Qf7 17.Rdf1 Kb8 18.Qd1 Rdg8 19.hxg5 Rxg5 20.Rh3 Qg7 21.Qe1 Rg8 22.Bf4 Rxg2
23.Kb1 Rh8 24.Rfh1 h5 25.e4 e5 26.Rg3 Rxg3 27.Qxg3 Qxg3 28.Bxg3 fxe4 29.fxe4 Rg8
30.Bh4 Rg4 31.d5 Nc5 32.Be2 Rxe4 33.Bxh5 Rxc4 34.Bf7 Rf4 35.Bg8 Ba6 36.Kb2 Rg4
37.Bf7 Rg2+ 38.Ka3 Bc4 39.Kb4 b5 40.a3 Rb2+  0-1

[Event "TCh-NED Meesterklasse 2013-14"]
[Site "Netherland NED"]
[Date "2013.09.21"]
[Round "1.7"]
[White "Van der Heijden,T"]
[Black "Kabatianski,A"]
[Result "1-0"]
[WhiteElo "2289"]
[BlackElo "2437"]

1.d4 Nf6 2.c4 e6 3.Nf3 b6 4.Nc3 Bb7 5.Bg5 h6 6.Bh4 g5 7.Bg3 Nh5 8.e3 Bg7
9.Be5 Nf6 10.d5 d6 11.Bg3 O-O 12.h4 g4 13.Nd4 Qd7 14.Bd3 c5 15.Ndb5 e5 16.Qc2 a6
17.Bf5 Qe7 18.Na3 b5 19.Ne4 Nbd7 20.Nxf6+ Nxf6 21.e4 h5 22.Qe2 Bh6 23.Nc2 bxc4
24.Ne3 a5 25.Nxc4 Ba6 26.O-O Rab8 27.b3 Kh8 28.f4 Bxc4 29.Qxc4 exf4 30.Bxf4 Bxf4
31.Rxf4 Rb4 32.Qc1 Kg7 33.Rf2 Ng8 34.Qf4 Qxh4 35.Raf1 Nh6 36.Be6 Qe7 37.Qe3 f6
38.Rxf6 Qxf6 39.Rxf6 Rxf6 40.Qg5+ Rg6 41.Qe7+ Kh8 42.e5 dxe5 43.d6 Rd4 44.d7 Ng8
45.Qe8 g3 46.Kf1 Kh7 47.Ke2 Kh6 48.Qf8+  1-0

[Event "TCh-CRO 2a Liga 2013"]
[Site "Bol CRO"]
[Date "2013.09.22"]
[Round "9.2"]
[White "Franic,M"]
[Black "Bender,I"]
[Result "0-1"]
[WhiteElo "2404"]
[BlackElo "2252"]

1.d4 Nf6 2.c4 e6 3.Nf3 b6 4.Nc3 Bb4 5.Bg5 h6 6.Bh4 O-O 7.Nd2 d6 8.e3 Bb7
9.Qb3 a5 10.a3 Bxc3 11.Qxc3 Nbd7 12.f3 e5 13.dxe5 dxe5 14.b3 Re8 15.Bg3 e4
16.Be2 exf3 17.gxf3 Qe7 18.Kf2 Nc5 19.b4 Ne6 20.Rhe1 Nh5 21.Bf1 f5 22.Bh3 axb4
23.axb4 Rxa1 24.Rxa1 f4 25.exf4 Nexf4 26.Bf1 Ne2 27.Qd3 Nexg3 28.hxg3 Nxg3
29.Qd4 Qg5 30.Bg2  0-1